Journal of the American statistical association

Gespeichert in:
Bibliographische Detailangaben
Format: Schriftenreihe
Sprache:Englisch
Veröffentlicht: Alexandria ASA 1996
Schlagworte:
Tags: Tag hinzufügen
Keine Tags, Fügen Sie das erste Tag hinzu!

MARC

LEADER 00000nas2a2200000 4500
001 s107334
005 20221221070913.5
022 |a 0162-1549 
041 0 |a eng 
044 |a US 
245 1 0 |a Journal of the American statistical association 
264 1 |a Alexandria  |b ASA  |c 1996 
300 |a 2 zv. 
773 0 |w eu_un_cat*s120104 
610 2 0 |a štatistika 
610 2 0 |a štatistika 
610 2 0 |a metódy štatistické 
610 2 0 |a USA